[Event "Wch U18"]
[Site "Mamaia"]
[Date "2022.09.07"]
[Round "2"]
[White "Niedbala, Bartlomiej"]
[Black "Coca, Cristi Iulian"]
[Result "1-0"]
[WhiteElo "2407"]
[BlackElo "2232"]
[PlyCount "103"]
[EventDate "2022.09.06"]
[EventType "swiss"]
[EventRounds "11"]
[EventCountry "ROU"]
[SourceTitle "CBM 210 Extra"]
[Source "ChessBase"]
[SourceDate "2022.11.30"]
[SourceVersion "1"]
[SourceVersionDate "2022.11.30"]
[SourceQuality "1"]

1. e4 e5 2. Nf3 Nc6 3. Bb5 a6 4. Ba4 Nf6 5. 0-0 b5 6. Bb3 Be7 7. Re1 0-0 8. a4 b4 9. d4 d6 10. dxe5 dxe5 11. Nbd2 Bg4 12. h3 Bh5 13. g4 Bg6 14. Nc4 Qxd1 15. Rxd1 Bxe4 16. Nfxe5 Nxe5 17. Nxe5 h6 18. Be3 Bd6 19. Nc4 Be7 20. Bf4 Nd5 21. Bg3 c6 22. Re1 Bh7 23. Na5 Bf6 24. Nxc6 Nb6 25. Be5 Rfc8 26. Nxb4 Bxe5 27. Rxe5 Nc4 28. Bxc4 Rxc4 29. c3 a5 30. Nd5 Rb8 31. Ne3 Rf4 32. Rxa5 Be4 33. Rb5 Re8 34. Re1 Bc6 35. Rc5 Bxa4 36. b4 Rd8 37. Nd5 Rf3 38. Re3 Rxe3 39. Nxe3 Bb3 40. Kf1 g6 41. Ke2 Kf8 42. Rc7 Ra8 43. b5 Ke8 44. c4 Ra2+ 45. Kf3 Rb2 46. b6 Ba4 47. c5 Bd7 48. Ke4 Kd8 49. f4 Rb4+ 50. Ke5 Rb3 51. Nd5 Be6 52. f5 1-0

[Event "Cap Aurora FISCA op"]
[Site "Cap Aurora"]
[Date "2022.06.25"]
[Round "5"]
[White "Coca, Cristi Iulian"]
[Black "Nicolae, Marian Valentin"]
[Result "1-0"]
[WhiteElo "2174"]
[BlackElo "1886"]
[PlyCount "79"]
[EventDate "2022.06.22"]
[EventType "swiss"]
[EventRounds "9"]
[EventCountry "ROU"]
[SourceTitle "EXT 2023"]
[Source "ChessBase"]
[SourceDate "2022.10.05"]
[SourceVersion "1"]
[SourceVersionDate "2022.10.05"]
[SourceQuality "1"]

1. e4 c6 2. d4 d5 3. Nc3 dxe4 4. Nxe4 Nf6 5. Nxf6+ exf6 6. c3 Bd6 7. Bd3 0-0 8. Qc2 Re8+ 9. Ne2 h6 10. Be3 Qc7 11. h3 Nd7 12. 0-0 Nf8 13. c4 Ne6 14. f4 Nf8 15. Rf3 g6 16. c5 Be7 17. f5 g5 18. Bf2 Qd7 19. Nc3 b6 20. Ne4 Kg7 21. Re1 Bb7 22. Rfe3 Rad8 23. Ng3 Nh7 24. Qe2 Kf8 25. Qh5 Kg7 26. Bc4 Bf8 27. Bxf7 Qxf7 28. Rxe8 Rxe8 29. Rxe8 bxc5 30. dxc5 Ba6 31. Qxf7+ Kxf7 32. Ra8 Bc4 33. Rxa7+ Kg8 34. a4 Bd3 35. a5 h5 36. a6 h4 37. Nf1 g4 38. Rxh7 g3 39. Be3 Bxa6 40. Rxh4 1-0

[Event "Cap Aurora FISCA op"]
[Site "Cap Aurora"]
[Date "2022.06.24"]
[Round "3"]
[White "Coca, Cristi Iulian"]
[Black "Negrean, Andrei"]
[Result "1/2-1/2"]
[WhiteElo "2174"]
[BlackElo "1846"]
[PlyCount "78"]
[EventDate "2022.06.22"]
[EventType "swiss"]
[EventRounds "9"]
[EventCountry "ROU"]
[SourceTitle "EXT 2023"]
[Source "ChessBase"]
[SourceDate "2022.10.05"]
[SourceVersion "1"]
[SourceVersionDate "2022.10.05"]
[SourceQuality "1"]

1. Nf3 Nf6 2. g3 d5 3. Bg2 e6 4. 0-0 Be7 5. d4 0-0 6. c4 dxc4 7. Na3 Bxa3 8. bxa3 Bd7 9. Ne5 Bc6 10. f3 Qd5 11. e4 Qb5 12. Qc2 Qa6 13. Bg5 Nfd7 14. Nxc4 Bb5 15. Rfc1 Nc6 16. Be3 Bxc4 17. Qxc4 Qxa3 18. Rc3 Nb6 19. Qb3 Qxb3 20. axb3 Rfd8 21. Rd1 Rd7 22. Bh3 Ne5 23. Rf1 Ng6 24. d5 Nf8 25. Rfc1 Rc8 26. Bc5 Rcd8 27. Bxf8 Kxf8 28. dxe6 Rd1+ 29. Bf1 c6 30. exf7 Kxf7 31. Rxd1 Rxd1 32. Kf2 a5 33. Be2 Rb1 34. Rc5 a4 35. bxa4 Nxa4 36. Rc4 Nb6 37. Rc5 Na4 38. Rc4 Nb6 39. Rc5 Na4 1/2-1/2

[Event "Cap Aurora FISCA op"]
[Site "Cap Aurora"]
[Date "2022.06.23"]
[Round "2"]
[White "Donici Maier, David"]
[Black "Coca, Cristi Iulian"]
[Result "0-1"]
[WhiteElo "1786"]
[BlackElo "2174"]
[PlyCount "106"]
[EventDate "2022.06.22"]
[EventType "swiss"]
[EventRounds "9"]
[EventCountry "ROU"]
[SourceTitle "EXT 2023"]
[Source "ChessBase"]
[SourceDate "2022.10.05"]
[SourceVersion "1"]
[SourceVersionDate "2022.10.05"]
[SourceQuality "1"]

1. e4 c5 2. Nf3 e6 3. d4 cxd4 4. Nxd4 a6 5. g3 Nf6 6. Bg2 Qc7 7. 0-0 Be7 8. Nc3 0-0 9. Kh1 d6 10. f4 Bd7 11. a4 Nc6 12. Nb3 Na5 13. Nxa5 Qxa5 14. Qe2 Bc6 15. Bd2 Qc7 16. Rad1 Rfd8 17. Be3 b5 18. axb5 axb5 19. Bd4 b4 20. Nb5 Qb7 21. Nxd6 Rxd6 22. e5 Rxd4 23. Rxd4 Bxg2+ 24. Qxg2 Qxg2+ 25. Kxg2 Nd5 26. Kf3 Rc8 27. Rd2 g5 28. Re1 Rc4 29. Rg2 Kf8 30. h3 Rd4 31. Re4 Rd1 32. Rc4 Rb1 33. c3 bxc3 34. bxc3 Rb3 35. Rd2 Kg7 36. f5 Ba3 37. fxe6 fxe6 38. Rc6 Kf7 39. Kg4 Nxc3 40. Rd7+ Be7 41. Rd3 Rb4+ 42. Kh5 Ne4 43. Rf3+ Kg7 44. g4 Nc5 45. Rc7 Rb7 46. Rc6 Rd7 47. Rc3 Nd3 48. R3c4 Nf4+ 49. Rxf4 gxf4 50. Rxe6 f3 51. Rc6 f2 52. Rc1 Bb4 53. Rf1 Be1 0-1

[Event "ROM-ch Rapid"]
[Site "Bucharest"]
[Date "2022.03.12"]
[Round "9"]
[White "Coca, Cristi Iulian"]
[Black "Daianu, Cristian Clement"]
[Result "0-1"]
[WhiteElo "2147"]
[BlackElo "2171"]
[PlyCount "74"]
[EventDate "2022.03.11"]
[EventType "swiss (rapid)"]
[EventRounds "9"]
[EventCountry "ROU"]
[SourceTitle "CBM 207 Extra"]
[Source "ChessBase"]
[SourceDate "2022.05.31"]
[SourceVersion "1"]
[SourceVersionDate "2022.05.31"]
[SourceQuality "1"]

1. e4 c5 2. c3 d5 3. exd5 Nf6 4. Nf3 Nxd5 5. d4 cxd4 6. Nxd4 a6 7. Bc4 e6 8. a4 Be7 9. 0-0 0-0 10. Nd2 b6 11. N2f3 Bb7 12. Bd3 Nd7 13. Re1 Qc7 14. Bg5 N7f6 15. h3 Nf4 16. Bf1 Rfd8 17. Ne5 N6d5 18. Bxe7 Qxe7 19. Qg4 Qf6 20. Rad1 Ng6 21. Nxg6 hxg6 22. g3 e5 23. Nf3 Nxc3 24. Rxd8+ Rxd8 25. Nxe5 Ne4 26. Rxe4 Bxe4 27. Qxe4 Re8 28. f4 b5 29. axb5 axb5 30. Qc6 Qd8 31. Bxb5 Qd4+ 32. Kg2 Qxb2+ 33. Kf3 Qb3+ 34. Kg4 Qd1+ 35. Qf3 f5+ 36. Kg5 Qd8+ 37. Kxg6 Qf6+ 0-1

[Event "ROM-ch"]
[Site "Eforie Nord"]
[Date "2022.02.26"]
[Round "8"]
[White "Nastore, Pavel Alexandru"]
[Black "Coca, Cristi Iulian"]
[Result "1-0"]
[WhiteElo "2306"]
[BlackElo "2147"]
[PlyCount "76"]
[EventDate "2022.02.20"]
[EventType "swiss"]
[EventRounds "9"]
[EventCountry "ROU"]
[SourceTitle "CBM 207 Extra"]
[Source "ChessBase"]
[SourceDate "2022.05.31"]
[SourceVersion "1"]
[SourceVersionDate "2022.05.31"]
[SourceQuality "1"]

1. e4 d6 2. d4 Nf6 3. Nc3 Nbd7 4. Nf3 e5 5. Be2 Be7 6. 0-0 0-0 7. Re1 c6 8. a4 Re8 9. Bf1 Bf8 10. g3 Qc7 11. Bg2 a5 12. h3 h6 13. Be3 Nb6 14. Nd2 Nh7 15. f4 exf4 16. gxf4 d5 17. e5 Bf5 18. Ne2 Qd7 19. Kh2 Rac8 20. Ng3 c5 21. Nxf5 Qxf5 22. Nb3 cxd4 23. Qxd4 Nc4 24. Re2 Nxe3 25. Qxe3 Rxc2 26. Rae1 Rxe2 27. Rxe2 Nf6 28. Nxa5 Nh5 29. Rf2 Ra8 30. Nxb7 Rxa4 31. Bxd5 Rxf4 32. Rxf4 Nxf4 33. Bb3 Ne6 34. Nd6 Qb1 35. Qe2 Qc1 36. Qf2 Bxd6 37. exd6 Qf4+ 38. Qxf4 Nxf4 1-0

[Event "ROM-ch"]
[Site "Eforie Nord"]
[Date "2022.02.25"]
[Round "7"]
[White "Coca, Cristi Iulian"]
[Black "Vajda, Albert"]
[Result "1/2-1/2"]
[WhiteElo "2147"]
[BlackElo "2351"]
[PlyCount "51"]
[EventDate "2022.02.20"]
[EventType "swiss"]
[EventRounds "9"]
[EventCountry "ROU"]
[SourceTitle "CBM 207 Extra"]
[Source "ChessBase"]
[SourceDate "2022.05.31"]
[SourceVersion "1"]
[SourceVersionDate "2022.05.31"]
[SourceQuality "1"]

1. e4 e5 2. Nf3 Nc6 3. Bc4 Bc5 4. c3 Bb6 5. 0-0 Nf6 6. d4 Qe7 7. Bg5 d6 8. Bb5 Bd7 9. dxe5 dxe5 10. Nbd2 h6 11. Bh4 0-0-0 12. Qe2 g5 13. Bg3 Nh5 14. Bxc6 Bxc6 15. Nc4 Nxg3 16. hxg3 f6 17. a4 Bc5 18. b4 Bd6 19. b5 Bd7 20. a5 Bc5 21. Rfb1 c6 22. Ne3 cxb5 23. Nd5 Qe6 24. c4 Bc6 25. cxb5 Bxd5 26. Rc1 1/2-1/2

[Event "ROM-ch"]
[Site "Eforie Nord"]
[Date "2022.02.24"]
[Round "6"]
[White "Bonte, Andrei Mihai"]
[Black "Coca, Cristi Iulian"]
[Result "1/2-1/2"]
[WhiteElo "2349"]
[BlackElo "2147"]
[PlyCount "118"]
[EventDate "2022.02.20"]
[EventType "swiss"]
[EventRounds "9"]
[EventCountry "ROU"]
[SourceTitle "CBM 207 Extra"]
[Source "ChessBase"]
[SourceDate "2022.05.31"]
[SourceVersion "1"]
[SourceVersionDate "2022.05.31"]
[SourceQuality "1"]

1. d4 Nf6 2. c4 g6 3. Nc3 Bg7 4. e4 d6 5. Nf3 0-0 6. Be2 e5 7. 0-0 Na6 8. Re1 Bg4 9. d5 Nc5 10. Bf1 a5 11. h3 Bd7 12. Rb1 h5 13. b3 Nh7 14. Be3 b6 15. Nd2 Be8 16. Rc1 f5 17. exf5 gxf5 18. f4 e4 19. Nb5 Bxb5 20. cxb5 Qh4 21. Kh2 Rf7 22. g3 Qf6 23. Qxh5 Qb2 24. a4 Bd4 25. Rb1 Qc3 26. Rbc1 Qb2 27. Qd1 Bxe3 28. Rxe3 Nf6 29. Bc4 Rh7 30. Kg2 Rxh3 31. Rec3 Ng4 32. R1c2 Rh2+ 33. Kg1 Qa3 34. Nf1 Rxc2 35. Qxc2 Kf7 36. Be2 Qb4 37. Bxg4 Qd4+ 38. Kg2 fxg4 39. Ne3 Rg8 40. Qc1 Qh8 41. Qc2 Qh3+ 42. Kf2 Qh2+ 43. Ng2 Re8 44. Re3 Qh1 45. Qe2 Nd3+ 46. Rxd3 exd3 47. Qxd3 Ke7 48. Qe2+ Kd8 49. Qxg4 Qc1 50. Qf3 Rh8 51. g4 Rh1 52. Kg3 Qd2 53. g5 Rc1 54. Kh2 Rc3 55. Qh5 Rc2 56. Qh8+ Kd7 57. Qh3+ Kd8 58. Qh8+ Kd7 59. Qh3+ Kd8 1/2-1/2

[Event "ROM-ch"]
[Site "Eforie Nord"]
[Date "2022.02.22"]
[Round "4"]
[White "Coca, Cristi Iulian"]
[Black "Manea, Alexandru"]
[Result "1/2-1/2"]
[WhiteElo "2147"]
[BlackElo "2355"]
[PlyCount "53"]
[EventDate "2022.02.20"]
[EventType "swiss"]
[EventRounds "9"]
[EventCountry "ROU"]
[SourceTitle "CBM 207 Extra"]
[Source "ChessBase"]
[SourceDate "2022.05.31"]
[SourceVersion "1"]
[SourceVersionDate "2022.05.31"]
[SourceQuality "1"]

1. e4 e6 2. d4 d5 3. Nc3 Nf6 4. exd5 exd5 5. Bd3 Nc6 6. Nge2 Be6 7. Bg5 Be7 8. Qd2 Qd7 9. f3 h6 10. Bf4 0-0-0 11. 0-0-0 Ne8 12. Kb1 Nb4 13. Nc1 Nd6 14. Rhe1 Rhe8 15. Qf2 Qc6 16. Be5 Bf8 17. Qg3 Nxd3 18. Nxd3 Nf5 19. Qf2 f6 20. Bf4 Qc4 21. g4 Nxd4 22. Bxc7 Kxc7 23. Qxd4 Qxd4 24. Nb5+ Kc8 25. Nxd4 Bf7 26. h4 g6 27. Rxe8 1/2-1/2

[Event "ROM-ch"]
[Site "Eforie Nord"]
[Date "2022.02.20"]
[Round "1"]
[White "Parligras, Mircea Emilian"]
[Black "Coca, Cristi Iulian"]
[Result "1-0"]
[WhiteElo "2575"]
[BlackElo "2147"]
[PlyCount "63"]
[EventDate "2022.02.20"]
[EventType "swiss"]
[EventRounds "9"]
[EventCountry "ROU"]
[SourceTitle "CBM 207 Extra"]
[Source "ChessBase"]
[SourceDate "2022.05.31"]
[SourceVersion "1"]
[SourceVersionDate "2022.05.31"]
[SourceQuality "1"]

1. d4 Nf6 2. c4 g6 3. Nc3 Bg7 4. e4 d6 5. h3 0-0 6. Be3 c5 7. Nf3 cxd4 8. Nxd4 b6 9. Qd2 Bb7 10. f3 Nbd7 11. 0-0-0 Rc8 12. h4 h5 13. Bh6 Ne5 14. g4 e6 15. Bxg7 Kxg7 16. g5 Ne8 17. b3 d5 18. f4 Nd7 19. cxd5 exd5 20. e5 b5 21. Bxb5 Nc5 22. Kb2 Nc7 23. f5 Nxb5 24. Ncxb5 Ne4 25. Qf4 Qa5 26. e6 a6 27. e7 axb5 28. exf8Q+ Rxf8 29. fxg6 b4 30. Rhf1 Kxg6 31. Qf5+ Kg7 32. Ne6+ 1-0

[Event "ROM-chT"]
[Site "Mamaia"]
[Date "2021.10.10"]
[Round "11.3"]
[White "Stepanencu, Nicodim Cosmin"]
[Black "Coca, Cristi Iulian"]
[Result "1-0"]
[WhiteElo "2299"]
[BlackElo "2219"]
[PlyCount "49"]
[EventDate "2021.10.02"]
[EventType "team-tourn"]
[EventRounds "11"]
[EventCountry "ROU"]
[SourceTitle "CBM 204 Extra"]
[Source "ChessBase"]
[SourceDate "2021.11.30"]
[SourceVersion "1"]
[SourceVersionDate "2021.11.30"]
[SourceQuality "1"]
[WhiteTeam "Craiova Oltenia"]
[BlackTeam "Galati Smart"]
[WhiteTeamCountry "ROU"]
[BlackTeamCountry "ROU"]

1. e4 Nf6 2. Nc3 e5 3. Bc4 Bc5 4. d3 h6 5. f4 d6 6. Nf3 Nc6 7. Na4 Bg4 8. Nxc5 dxc5 9. h3 Bxf3 10. Qxf3 Qd6 11. a3 Nd4 12. Qf2 0-0-0 13. 0-0 Nh5 14. fxe5 Qxe5 15. c3 Nc6 16. b4 Ng3 17. Re1 g5 18. bxc5 Nh5 19. d4 Qg3 20. Qxg3 Nxg3 21. Kh2 Nh5 22. Rf1 f6 23. Bf7 Ng7 24. Rxf6 Rhf8 25. Be3 1-0

[Event "ROM-chT"]
[Site "Mamaia"]
[Date "2021.10.07"]
[Round "8.4"]
[White "Coca, Cristi Iulian"]
[Black "Anton, Teodor"]
[Result "0-1"]
[WhiteElo "2219"]
[BlackElo "2464"]
[PlyCount "70"]
[EventDate "2021.10.02"]
[EventType "team-tourn"]
[EventRounds "11"]
[EventCountry "ROU"]
[SourceTitle "CBM 204 Extra"]
[Source "ChessBase"]
[SourceDate "2021.11.30"]
[SourceVersion "1"]
[SourceVersionDate "2021.11.30"]
[SourceQuality "1"]
[WhiteTeam "Galati Smart"]
[BlackTeam "Timisoara Medicina"]
[WhiteTeamCountry "ROU"]
[BlackTeamCountry "ROU"]

1. e4 c5 2. c3 Nf6 3. e5 Nd5 4. d4 cxd4 5. Nf3 e6 6. cxd4 d6 7. Nc3 Nxc3 8. bxc3 Qc7 9. Bd2 Nd7 10. exd6 Bxd6 11. Bd3 b6 12. 0-0 Bb7 13. h3 0-0 14. c4 Bf4 15. Bc3 Rfe8 16. Re1 Rac8 17. Nd2 Nf6 18. Rc1 Qc6 19. Bf1 Red8 20. Rc2 e5 21. Nb3 exd4 22. Bxd4 a5 23. Qa1 Nh5 24. Be5 Qg6 25. Rce2 Bf3 26. Bc3 Bxe2 27. Bxe2 a4 28. Nd4 Bd6 29. Bg4 Rxc4 30. Ne6 Rdc8 31. Bxh5 Qxh5 32. Nxg7 Qg5 33. Re8+ Rxe8 34. Nxe8 Be5 35. Nf6+ Bxf6 0-1

[Event "ROM-chT"]
[Site "Mamaia"]
[Date "2021.10.07"]
[Round "7.1"]
[White "Secheres, Adrian Simion"]
[Black "Coca, Cristi Iulian"]
[Result "1-0"]
[WhiteElo "2368"]
[BlackElo "2219"]
[PlyCount "93"]
[EventDate "2021.10.02"]
[EventType "team-tourn"]
[EventRounds "11"]
[EventCountry "ROU"]
[SourceTitle "CBM 204 Extra"]
[Source "ChessBase"]
[SourceDate "2021.11.30"]
[SourceVersion "1"]
[SourceVersionDate "2021.11.30"]
[SourceQuality "1"]
[WhiteTeam "Timisoara Vest Univ"]
[BlackTeam "Galati Smart"]
[WhiteTeamCountry "ROU"]
[BlackTeamCountry "ROU"]

1. d4 Nf6 2. c4 g6 3. Nc3 Bg7 4. e4 d6 5. Be2 0-0 6. Be3 Nc6 7. d5 Ne5 8. f4 Neg4 9. Bd2 Nh6 10. h3 e6 11. Nf3 exd5 12. cxd5 Re8 13. Ng5 c6 14. dxc6 bxc6 15. 0-0 Rb8 16. Rb1 Qb6+ 17. Kh2 d5 18. e5 Nd7 19. Na4 Qc7 20. Bd3 f6 21. exf6 Nxf6 22. Qc2 Bf5 23. Rbe1 Qd6 24. b4 Rxe1 25. Rxe1 Rxb4 26. Bxf5 Nxf5 27. Re6 Qb8 28. Rxc6 Ne7 29. Rc7 Rxa4 30. Rxe7 Rc4 31. Qd3 Rc7 32. Qe2 h6 33. Qe6+ Kh8 34. Qd6 Rb7 35. Qxb8+ Rxb8 36. Ne6 Re8 37. Rxg7 Rxe6 38. Rxg6 Kh7 39. Rxh6+ Kxh6 40. f5+ Kg7 41. fxe6 Ne4 42. Bb4 d4 43. Kg1 Nc3 44. a3 Ne2+ 45. Kf2 Nf4 46. e7 Kf7 47. Kf3 1-0

[Event "ROM-chT"]
[Site "Mamaia"]
[Date "2021.10.04"]
[Round "4.5"]
[White "Sarighioleanu, Sebastian Laurentiu"]
[Black "Coca, Cristi Iulian"]
[Result "0-1"]
[WhiteElo "1986"]
[BlackElo "2219"]
[PlyCount "66"]
[EventDate "2021.10.02"]
[EventType "team-tourn"]
[EventRounds "11"]
[EventCountry "ROU"]
[SourceTitle "CBM 204 Extra"]
[Source "ChessBase"]
[SourceDate "2021.11.30"]
[SourceVersion "1"]
[SourceVersionDate "2021.11.30"]
[SourceQuality "1"]
[WhiteTeam "Urziceni Viitorul"]
[BlackTeam "Galati Smart"]
[WhiteTeamCountry "ROU"]
[BlackTeamCountry "ROU"]

1. d4 b5 2. Nf3 Bb7 3. e3 a6 4. b3 Nf6 5. c4 bxc4 6. Bxc4 e6 7. Nbd2 Be7 8. Qe2 0-0 9. 0-0 a5 10. Bb2 Na6 11. Rfd1 d5 12. Bd3 Nb4 13. Rdc1 Nxd3 14. Qxd3 Qd6 15. Ne5 Rfc8 16. Rc2 Qb6 17. Qe2 a4 18. Rac1 axb3 19. axb3 Ra2 20. Bc3 Rxc2 21. Rxc2 c5 22. h3 Ba6 23. Qd1 Bd6 24. dxc5 Qxc5 25. Nef3 Qb5 26. Bxf6 Rxc2 27. Qxc2 gxf6 28. Nd4 Qa5 29. g3 Bb4 30. N2f3 Qa1+ 31. Kh2 Qf1 32. Qa2 Bd3 33. g4 Bd6+ 0-1